Gold Glove Winners by Position - Statistics

General Stats
  • This quiz has been taken 69 times
  • The average score is 18 of 77
Answer Stats
Position Answer % Correct
Catcher Ivan Rodriguez
75%
Pitcher Greg Maddux
73%
OF Garry Maddox
67%
SS Ozzie Smith
67%
3B Brooks Robinson
65%
SS Derek Jeter
59%
OF Ken Griffey Jr.
59%
Catcher Johnny Bench
57%
3B Mike Schmidt
49%
Catcher Yadier Molina
49%
OF Andruw Jones
47%
2B Roberto Alomar
41%
OF Willie Mays
41%
OF Roberto Clemente
39%
OF Barry Bonds
37%
1B Keith Hernandez
37%
3B Nolan Arenado
37%
Pitcher Bob Gibson
33%
SS Omar Vizquel
33%
OF Ichiro Suzuki
31%
Pitcher Jim Kaat
31%
2B Ryne Sandberg
29%
2B Joe Morgan
27%
1B Don Mattingly
25%
1B Mark Teixeira
25%
OF Tony Gwynn
25%
3B Adrian Beltre
24%
OF Carl Yastrzemski
24%
Catcher Salvador Perez
24%
Pitcher Zack Greinke
24%
OF Dave Winfield
22%
Pitcher Mike Mussina
22%
OF Dwight Evans
20%
3B Scott Rolen
20%
3B Bubby Bell
18%
OF Kirby Puckett
18%
Pitcher Phil Niekro
18%
OF Torii Hunter
18%
1B Wes Parker
18%
OF Al Kaline
16%
2B Bill Mazeroski
16%
1B Bill White
16%
Catcher Bob Boone
16%
OF Devon White
16%
2B Frank White
16%
OF Jim Edmonds
16%
OF Dale Murphy
14%
SS Dave Concepcion
14%
OF Dwayne Murphy
14%
OF Larry Walker
14%
SS Mark Belanger
14%
OF Andre Dawson
12%
Catcher Bill Freehan
12%
Catcher Jim Sundberg
12%
1B George Scott
10%
1B J.T. Snow
10%
SS Luis Aparicio
10%
3B Eric Chavez
8%
3B Ken Boyer
8%
Pitcher Kenny Rogers
8%
Pitcher Mank Langston
8%
Pitcher Ron Guidry
8%
3B Ron Santo
8%
2B Bobby Richardson
6%
OF Curt Flood
6%
1B Vic Power
6%
Pitcher Bobby Shantz
4%
OF Cesar Cedeno
4%
3B Doug Rader
4%
OF Gary Pettis
4%
3B Robin Ventura
4%
OF Steve Finley
4%
OF Alex Gordon
2%
OF Andy Van Slyke
2%
OF Jason Heyward
2%
OF Jim Landis
2%
OF Paul Blair
2%
No matching quizzes found
Score Distribution
Percent of People with Each Score
Percentile by Number Answered
Your Score History
You have not taken this quiz